[Event "Schachschule Erlangen op"]
[Site "Erlangen"]
[Date "1997.??.??"]
[Round "3"]
[White "Deml, Bruno"]
[Black "Gillich, Werner"]
[Result "0-1"]
[WhiteElo "820"]
[BlackElo "1629"]
[PlyCount "68"]
[EventDate "1997.10.31"]
[EventType "swiss"]
[EventRounds "5"]
[EventCountry "GER"]
[SourceTitle "EXT 1999"]
[Source "ChessBase"]
[SourceDate "1998.11.16"]
[SourceVersion "1"]
[SourceVersionDate "1998.11.16"]
[SourceQuality "1"]

1. e4 d6 2. Bc4 Nf6 3. Nc3 g6 4. d3 c6 5. a4 Bg7 6. Nge2 0-0 7. f4 d5 8. exd5 Nxd5 9. Nxd5 cxd5 10. Ba2 Na6 11. Bd2 e5 12. 0-0 Be6 13. fxe5 Bxe5 14. Bh6 Bxh2+ 15. Kxh2 Qh4+ 16. Kg1 Qxh6 17. Nf4 Nc7 18. Qf3 Rad8 19. Rad1 Qg7 20. c3 b6 21. c4 Qxb2 22. Rf2 Qd4 23. cxd5 Nxd5 24. Nxd5 Bxd5 25. Bxd5 Rxd5 26. Rdf1 Rf5 27. Qe2 Rxf2 28. Qxf2 Qxd3 29. Qf6 Qa3 30. Qd4 Qc5 31. Qxc5 bxc5 32. Rc1 Rc8 33. Kf2 f5 34. Ke3 Kf7 0-1